000 006750000a22001810004500
090 _aAR
_b03245
245 1 0 _aStability and outcomes of common property institutions in forestry: evidence from the Terai region of Nepal
500 _a<Valoración y equidad>
650 1 4 _aInequidad
_996799
650 1 4 _aHetereogenidad étnica
_996822
650 1 4 _aPropiedad común
_996805
650 1 4 _aDesarrollo participativo
_917510
651 4 _mTerai
_pNepal
_992749
041 0 _aInglés
100 1 _aChakraborty, Rabindra Nath
_996823
942 _cARTICULO
773 1 _tEcological Economics: the Journal of the International Society for Ecological Economics
_3826
_q341-353
_d2001
_g36
999 _c12299
_d12299